00483nam a2200121Ia 4500008004100000245011100041245002000152260000900172650004000181856004800221999001900269952007300288171204s9999 xx 000 0 und d aPeople Analytics in the Era of Big Data: Changing the Way You Attract, Acquire, Develop, and Retain Talent cJean Paul Isson c2016 xBUSINESS INTELLIGENCE AND ANALYTICS uhttp://down.ebook777.com/040/1119050782.pdf c347131d347131 001040aCLbCLd2017-12-04l0r2017-12-04 00:00:00w2017-12-04yCBE